Hide Your 'A' Movies Quiz Stats

 Plays Quiz Updated May 20, 2018

Score 0/21 Timer 06:00
6 Plays Today
% Correct
Ali
(2001)<
96.6%
American History X
(1998)<
94.1%
Austin Powers:
International
Man of Mystery
(1997)<
93.5%
Alien
(1979)<
93.2%
Anchorman:
The Legend of Ron
Burgundy
(2004)<
93.1%
Airplane!
(1980)<
92.9%
The Aviator
(2004)<
92%
The Assassination
of Jesse James
by the Coward
Robert Ford
(2007)<
91.2%
Any Given Sunday
(1999)<
90.4%
Amélie
(2001)<
90%
Argo
(2012)<
89.8%
% Correct
Animal House
(1978)<
89%
Apocalypse Now
(1979)<
87.6%
Avatar
(2009)<
86.8%
Ace Ventura:
Pet Detective
(1994)<
86%
American Beauty
(1999)<
83.2%
The Amityville
Horror
(1979)<
77.4%
Almost Famous
(2000)<
76.7%
Adaptation.
(2002)<
75.9%
The Adjustment
Bureau
(2011)<
69.9%
American Dreamz
(2006)<
63.7%

You're not logged in!

Compare scores with friends on all Sporcle quizzes.
OR
Log In

Show Comments

Extras

Top Quizzes Today


Score Distribution

Your Account Isn't Verified!

In order to create a playlist on Sporcle, you need to verify the email address you used during registration. Go to your Sporcle Settings to finish the process.

Report this User

Report this user for behavior that violates our Community Guidelines.

Details: